Guess the Taylor Swift Song (Speak Now TV) 5 - Statistics

General Stats
  • This quiz has been taken 10 times
  • The average score is 383 of 409
Answer Stats
Answer % Correct
a
100%
A
100%
all
100%
am
100%
and
100%
And
100%
are
100%
at
100%
away
100%
back
100%
be
100%
boy
100%
But
100%
Don't
100%
don't
100%
friends
100%
from
100%
girl
100%
hear
100%
her
100%
I
100%
I'll
100%
I'm
100%
in
100%
it
100%
It
100%
like
100%
me
100%
meet
100%
my
100%
need
100%
not
100%
now
100%
now"
100%
of
100%
on
100%
out
100%
run
100%
said,
100%
say
100%
say,
100%
see
100%
she
100%
She
100%
should
100%
So
100%
the
100%
they
100%
to
100%
wait,
100%
was
100%
when
100%
When
100%
Who
100%
with
100%
yes,
100%
you
100%
You
100%
you?
100%
your
100%
Your
100%
you're
100%
around
86%
bride
86%
by
86%
chance
86%
church
86%
didn't
86%
door
86%
down
86%
dressed
86%
everyone
86%
eyes
86%
family
86%
forever
86%
glad
86%
hands,
86%
hold
86%
inside
86%
is
86%
kind
86%
know
86%
last
86%
"Let's
86%
little
86%
looking
86%
looks
86%
marrying
86%
only
86%
or
86%
pastel
86%
play
86%
queen
86%
rudely
86%
single
86%
sneak
86%
Somewhere
86%
song
86%
"Speak
86%
stand
86%
that
86%
There's
86%
there's
86%
This
86%
thought
86%
time
86%
up
86%
vow
86%
were
86%
what
86%
Where
86%
white
86%
wish
86%
would
86%
wrong
86%
yelling
86%
aisle
71%
Baby,
71%
bridesmaid
71%
curtains
71%
daydream
71%
death
71%
exchanged
71%
gestures
71%
gown
71%
hiding
71%
Horrified
71%
lose
71%
lovely
71%
march
71%
myself
71%
occasion
71%
organ
71%
pastry
71%
peace"
71%
room
71%
running
71%
seems
71%
shaky
71%
silence,
71%
snotty
71%
sounds
71%
starts
71%
surely
71%
tux
71%
uninvited
71%
veil
71%
Wearing
71%
you'll
71%
barging
57%
floats
57%
Fond
57%
pageant
57%
preacher
57%
shaped
57%
vows
57%
No matching quizzes found
Score Distribution
Percent of People with Each Score
Percentile by Number Answered
Your Score History
You have not taken this quiz